000 00636nam a22001937a 4500
005 20250430112540.0
010 _aENG-144734
020 _a9788197279539
_c360.00
035 _aEN-128266
037 _bDBAD
082 _a000
245 _aChronicle SSC-CGL Reasoning:
_bTCS PYQ Practice Book/
_cEdited by N.N. Ojha
260 _aNoida
_bChronicle Publication
_c2024
270 _aA-27D, Sector 16
_bNoida
_e201301
_k0120-2514610/12
_minfo@chronicleindia.in
300 _aVarious Pages.
_c28cm(pbk)
500 _a75 Practice Sets 2021-2023 Solved Papers
700 _aOjha, N.N.
_977953
942 _2ddc
_cEN
_h000
_mCHR
999 _c209384
_d209384